000
00272nam a2200109Ia 4500
008
230320s9999||||xx |||||||||||||| ||spa||
082
_a
241.04/CH36
100
_a
Chenu, Bruno
245
0
_a
TeologĂas Cristianas De Los Terceros Mundos
260
_b
Herder
942
_8
0
_c
LIB
999
_c
23710
_d
23710